24-25 NFL 1000+ Yard Receivers - Statistics

General Stats
  • This quiz has been taken 257 times
  • The average score is 21 of 24
Answer Stats
Team(s) Yards Answer % Correct
Benglals 1,708 Ja'Marr Chase
100%
Vikings 1,533 Justin Jefferson
100%
Lions 1,263 Amon-Ra St. Brown
99%
Cowboys 1,194 CeeDee Lamb
98%
Eagles 1,079 AJ Brown
96%
Raiders/Jets 1,063 DaVante Adams
95%
Buccaneers 1,004 Mike Evans
94%
Giants 1,204 Malik Nabers
93%
Jaguars 1,282 Brian Thomas Jr.
92%
Falcons 1,271 Drake London
92%
Jets 1,104 Garrett Wilson
89%
Browns 1,229 Jerry Jeudy
89%
Commanders 1,096 Terry McLaurin
89%
Ravens 1,059 Zay Flowers
88%
Texans 1,006 Nico Collins
87%
Raiders 1,194 Brock Bowers
85%
49ers 1,106 George Kittle
83%
Lions 1,001 Jameson Williams
83%
Broncos 1,081 Courtland Sutton
82%
Chargers 1,149 Ladd McConkey
80%
Titans 1,017 Calvin Ridley
75%
Cardinals 1,146 Trey McBride
73%
Seahawks 1,130 Jaxson Smith-Njigba
72%
Raiders 1,027 Jakobi Meyers
71%
No matching quizzes found
Score Distribution
Percent of People with Each Score
Percentile by Number Answered
Your Score History
You have not taken this quiz